La loma del hombre flaco /
Guardado en:
| Autor Principal: | |
|---|---|
| Otros Autores: | |
| Formato: | Libro |
| Publicado: |
Buenos Aires :
Sudamericana,
1996
|
| Series: | Primera Sudamericana
|
| Materias: | |
| Etiquetas: |
Agregar Etiqueta
Sin Etiquetas, Sea el primero en etiquetar este registro!
|
| LEADER | 00697nam a22002295a 4500 | ||
|---|---|---|---|
| 001 | CEM.cems011300 | ||
| 005 | 20101213122055.0 | ||
| 008 | 130507s1996##################000#0#####d | ||
| 003 | CEMS | ||
| 020 | |a 9500711672 | ||
| 082 | 0 | 4 | |a A863.4 |
| 100 | 1 | |a Devetach, Laura | |
| 245 | 1 | 0 | |a La loma del hombre flaco / |c Laura Devetach ; ilustraciones de Gustavo Roldán |
| 260 | |a Buenos Aires : |b Sudamericana, |c 1996 | ||
| 300 | |a 70 p. | ||
| 490 | 0 | |a Primera Sudamericana | |
| 653 | |a Literatura | ||
| 653 | |a Literatura argentina | ||
| 653 | |a Literatura juvenil | ||
| 653 | |a Literatura juvenil argentina | ||
| 700 | 1 | |a Roldán, Gustavo, il. | |
| 859 | |a CEMS |b BIB. CEMS - 11 de abril |h A863.4 |i D497 |p 22194.03 |t Ej.1 | ||
